Statistics for Image to European City - Multiple Choice

Click here to take the quiz!

General Stats

  • This quiz has been taken 301 times
  • The average score is 12 of 16

Answer Stats

QuestionAnswer% Correct
Which image shows Paris?
100%
Which image shows London?
98%
Which image shows Rome?
89%
Which image shows Athens?
88%
Which image shows Barcelona?
88%
Which image shows Berlin?
85%
Which image shows Prague?
82%
Which image shows Reykjavik?
77%
Which image shows Kiev?
70%
Which image shows Warsaw?
66%
Which image shows Dublin?
65%
Which image shows Moscow?
62%
Which image shows Frankfurt?
53%
Which image shows Belgrade?
53%
Which image shows Tallinn?
53%
Which image shows Oslo?
52%

Score Distribution

Percentile by Number Answered

Percent of People with Each Score

Your Score History

You have not taken this quiz